Leadership : Lessons from the Presidents for Turbulent Times /

Salvato in:
Dettagli Bibliografici
Autore principale: Goodwin, Doris Kearns (Autore)
Natura: Libro
Lingua:inglese
Pubblicazione: [London] Viking 2018
Soggetti:
Tags: Aggiungi Tag
Nessun Tag, puoi essere il primo ad aggiungerne!!

MARC

LEADER 00000nam a22000003a 4500
001 0080108
003 SK-STU
005 20200131141032.5
007 ta
008 200131s ----xo-----e------000-0-----d
020 |a 978-0-241-30073-2 
040 |a STU  |b slo 
041 0 |a eng 
044 |a xxk 
100 1 |a Goodwin, Doris Kearns  |4 aut 
245 1 0 |a Leadership :  |b Lessons from the Presidents for Turbulent Times /  |c aut. Doris Kearns Goodwin 
260 |a [London]  |b Viking  |c 2018 
300 |a 473 s. 
650 0 7 |a vodcovstvo 
650 0 7 |a americkí prezidenti 
650 0 7 |a politika 
996 |b 284M088315  |c M* 14306-1  |l MMKN  |s A  |a 24  |w 0080108_0001